| 000 | 01222nam a22002897a 4500 | ||
|---|---|---|---|
| 003 | dpl | ||
| 005 | 20100331142524.0 | ||
| 008 | 100331t xxu||||| |||| 00| 0 eng d | ||
| 010 | _aENG-95941 | ||
| 020 |
_a9788132102939 (hbk.) _c795.00 |
||
| 020 |
_a8132102932 (hbk.) _c795.00 |
||
| 035 | _aEN-79474 | ||
| 037 | _bDBAD/PUB | ||
| 040 |
_aDPL _cDPL |
||
| 082 |
_a338.927071 _222 |
||
| 245 |
_aEducation for sustainable development : _bchallenges, strategies, and practices in a globalizing world / _cedited by Anastasia Nikolopoulou, Taisha Abraham, Farid Mirbagheri. |
||
| 260 |
_aNew Delhi _bSage Publication India _c2010. |
||
| 300 |
_axxxii, 232 p. ; _c22 cm.(Hb) |
||
| 500 | _aIncludes bibliographical references and index. | ||
| 650 | _aEnvironmental education. | ||
| 650 | _aSustainable development. | ||
| 650 | _aWorld citizenship. | ||
| 650 |
_aEducation _xSocial aspects. |
||
| 942 |
_2ddc _cEN _mEDU _h338.927071 |
||
| 999 |
_c34958 _d34958 |
||